Sanat - "Kapteeni katsoi horisonttihin" - Statistics

Yleistilastot
  • Tätä visaa on pelattu 12 kertaa
  • Keskiarvotulos 100 / 144
Vastaustilastot
Vastaus % Oikein
horisonttihin
100%
Kapteeni
100%
kapteeni
100%
katsoi
100%
myrsky
100%
oli
100%
me
91%
meripoijat
91%
nuoret
91%
alkava
82%
ei
82%
hurraa
82%
Hurraa
82%
ilo
82%
meillä
82%
ompi
82%
ain
73%
aina
73%
eikä
73%
paina
73%
suru
73%
mieltä
45%
liehuva
27%
lippu
27%
ja
18%
Ja
18%
kelloansa
18%
laivan
18%
mastoihin
18%
mastossa
18%
miestä
18%
pumppuihin
18%
Kaksitoista
9%
kaksitoista
9%
kuusi
9%
meni
9%
Suomen
9%
Ehtoja vastaavia visoja ei löytynyt
Tulosjakauma
Jokaisen tuloksen saaneiden osuus
Persentiili vastausten määrän mukaan
Tuloshistoriasi
Et ole pelannut tätä visaa